Statistiken für Die Reichsten Menschen der Welt

Klicken Sie hier um das Quiz zu spielen!

Allgemein

  • Dieses Quiz wurde 152 mal gespielt
  • Das Durchschnittsergebnis liegt bei 2 aus 10

Antwortstatistiken

HintAntwort% Korrekt
2Elon Musk
93%
5Bill Gates
81%
8Mark Zuckerberg
39%
9Warren Buffet
21%
7Larry Page
8%
6Larry Ellison
4%
10Sergej Brin
2%
4Jordan Schad
1%
1Maksymilian Psolla
1%
3Lennard Hadeler
0%

Verteilung der Resultate

Perzentil nach korrekt beantworteten Fragen

Anzahl Personen mit jedem Resultat

Ihre Resultats-Entwicklung

Sie haben dieses Quiz noch nicht gespielt